Justicia provincial : (Record no. 85583)
[ view plain ]
| 000 -LEADER | |
|---|---|
| campo de control de longitud fija | 00705nam a2200181 i 4500 |
| 001 - NÚMERO DE CONTROL | |
| campo de control | 85583 |
| 003 - IDENTIFICADOR DE NÚMERO DE CONTROL | |
| campo de control | ES-MaACL |
| 005 - FECHA Y HORA DE LA ÚLTIMA TRANSACCIÓN | |
| campo de control | 20230906175252.0 |
| 007 - CAMPO FIJO DE DESCRIPCIÓN FÍSICA--INFORMACIÓN GENERAL | |
| campo de control de longitud fija | t| |
| 008 - DATOS DE LONGITUD FIJA--INFORMACIÓN GENERAL | |
| campo de control de longitud fija | 041129s1916 ag ||||1| spa d |
| 245 00 - MENCIÓN DEL TÍTULO | |
| Título | Justicia provincial : |
| Resto del título | informe de la Comisión investigadora nombrada en la sesión del 16 de octubre de 1912. |
| 260 ## - PUBLICACIÓN, DISTRIBUCIÓN, ETC. | |
| Lugar de publicación, distribución, etc. | La Plata : |
| Nombre del editor, distribuidor, etc. | [s.n., |
| Fecha de publicación, distribución, etc. | 1916] ( |
| Fabricante | Taller de Impresiones Oficiales) |
| 300 ## - DESCRIPCIÓN FÍSICA | |
| Extensión | 317 p. ; |
| Dimensiones | 27 cm. |
| 594 ## - Nota al título y mención de responsabilidad | |
| Nota al título y mención de responsabilidad | Precede al tít.: Cámara de Diputados de la Provincia de Buenos Aires. |
| 650 #4 - PUNTO DE ACCESO ADICIONAL DE MATERIA--TÉRMINO DE MATERIA | |
| Término de materia o nombre geográfico como elemento de entrada | Administración de justicia- |
| Subdivisión geográfica | Argentina. |
| 9 (RLIN) | 174799 |
| 710 1# - ENTRADA AGREGADA--NOMBRE DE ENTIDAD CORPORATIVA | |
| Nombre de entidad corporativa o nombre de jurisdicción como elemento de entrada | Buenos Aires (Provincia). |
| Unidad subordinada | Congreso. |
| -- | Cámara de Diputados. |
| 9 (RLIN) | 174798 |
| 852 4# - LOCALIZACIÓN | |
| Ubicación | ES-MaACL |
| Número de control de estantería | G-6064 |
| Estatus retirado | Estado de pérdida | Estado de daño | No para préstamo | Biblioteca de origen | Biblioteca actual | Ubicación en estantería | Fecha de adquisición | Fuente de adquisición | Total de préstamos | Signatura topográfica completa | Código de barras | Visto por última vez | Precio de reemplazo | Tipo de ítem Koha |
|---|---|---|---|---|---|---|---|---|---|---|---|---|---|---|
| Biblioteca del Ateneo de Madrid | Biblioteca del Ateneo de Madrid | Depósito 2 | 17/01/2008 | G-6064 | 1089429 | 23/02/2023 | 23/02/2023 | Libro impreso |
